Quizzes
Events
Quiz Creation
Community
Videos
Private Events
Remove Ads
Sign In
Join for FREE
Feedback
Dark Mode
Quiz Categories
Sports
Geography
Music
Movies
Television
Just For Fun
Miscellaneous
History
Literature
Language
Science
Gaming
Entertainment
Religion
Holiday
For Kids
Quiz Lab
Recent
Popular Today
Quiz Kudos Today
Editor Picks
Curator Picks
Quizzes by...
Day
Popularity
Type
Ratings
Length
Year
Community
Subscriptions
Recent Discussions
Orange Saloon
Badges
Playlists
Quests
Create
Leaderboards
Showdown
Live 5
Trivia Bingo
Activity
Puzzle Library
Sporcle Events
Private Events
Virtual Trivia
Globe League
Become a Host
Pub Owners
SporcleCon
Opinionation
Our Games
Videos
Blog
Mobile Apps
Partnerships
Remove Ads and Go Orange
Feedback
History
US Presidents
World Leaders
Politics
Nation
Discovery
War
Decade
Year
Century
Biography
Art
History
US Presidents
World Leaders
Politics
Nation
Discovery
War
Decade
Year
Century
Biography
Art
Random Quiz
Search Sporcle
×
Quiz Lab
Quiz Lab
History
kate
Type in answers that appear in a list
Type in answers that appear in a list
Classic
Best Score? Go Orange.
Profile: Kate Middleton Stats
Can you name the these facts about Kate Middleton?
By
gvilleguy1124
5m
13 Questions
459 Plays
459 Plays
459 Plays
Comments
Comments
Give Quiz Kudos
Give Quiz Kudos
-
- Ratings
hide this ad
Replay
Link that replays current quiz
Next Quiz
Link to next quiz in quiz playlist
You Got
0%
They Got
Avg Score
79%
Avg Friend Score
Upgrade to see
Score Distribution
Jump to the score distribution portion of the page
Score
0/13
Timer
05:00
0
Plays Today
Hint
Fact
% Correct
Sister
Pippa Middleton
96.5%
Husband
Prince William, Duke of Cambridge
95.9%
Birth Year
1982
92.2%
Brother
James Middlton
90.2%
University Attended
University of St. Andrews
88.5%
Royal Title
The Duchess of Cambridge
87.6%
Mother
Carole Middleton
85.8%
Father
Michael Middleton
83.4%
Marriage Place
Westminster Abbey
80.4%
Designer of Wedding Gown
Sarah Burton
73.6%
Marriage Date
April 29, 2011
66.4%
Birthday
January 9
57.7%
Place Where She Grew Up
Bucklebury, England
30.7%
Quiz Playlist
Details
Report
Send in Message
Add To Playlist
Classic:
Type in answers that appear in a list
Last Updated: Feb 16, 2017
Quiz Scoreboard
CHALLENGE
Sign Up to Join the Scoreboard
Show All
Scores
Hide
Comments
May contain spoilers
Recently Published
NBA Finals Game Top Scorers (2010s)
by flibbidy
Sports
5m
Guess the 'R' Things in 3 Words
by MSUKent
Miscellaneous
3m
Actor to Badly Drawn Movie III
by MoMosMoProblems
Movies
5m
More to Explore
Quiz From the Vault
Featured Blog Post
Where Does Lost Luggage Go?
hide this ad
You Might Also Like...
Tags
kate
profile
Today's Top Quizzes in History
Browse History
hide this ad
Today's Top Quizzes in kate
Browse kate
Top Contributed Quizzes in History
1
Nickname Match: US Presidents
2
I Am Born On March 18th
3
Nickname Match: World Leaders II
4
Nickname Match: US Presidents II
5
Famous People on Time Magazine Covers III (Slideshow)
6
10 to 1: Generals by War
7
27 Amendments
8
Order the British Succession
9
New Deal Alphabet Soup
10
I Am Born On March 17th
Explore More
Trending Topics
Disney
Crossword
NBA
Kpop
Marvel
Anime
Harry Potter
Country
WWE
The Office
Soccer
Pokémon
Song
NFL
Puzzle
hide this ad
More By:
gvilleguy1124
Quiz
Plays
Rating
Category
Featured
Created
100 Books, 100 Authors
64,308
4.54
Literature
Oct 15, 2011
Every Single Oscar Winning Actress Ever!
23,432
4.59
Movies
Mar 20, 2012
Lip Sync for Your Life Minefield
11,342
3.25
Television
Jan 7, 2017
ASOIAF Top 100 Characters
6,012
4.80
Literature
Jul 23, 2014
Oscar Best Actress Nominees (1960-2011)
3,039
4.80
Movies
Feb 28, 2012
Go to Creator's Profile
Score Distribution
Quiz Creator Spotlight
gvilleguy1124
Follow
Send a Message
Quizzes Created
-
Created Quiz Play Count
-
More By This Creator
Popular Quizzes Today
1
Find the US States - No Outlines Minefield
2
Find the US States
3
The Countries of the World
4
10 Largest US States in Order
5
Find the Countries of Europe - No Outlines Minefield
6
US States
7
Guess the 'R' Things in 3 Words
8
NBA Finals Game Top Scorers (2010s)
More History Quizzes
British Royal Family Succession
Curator's Pick
Trending Quizzes
First Name TV: Leading Men
Match the Book to the Film II
First Name TV: Leading Women Drama
3-Word Movies in 1 Word II
Match the Book to the Film VI
Recently Updated
Women's Final Four Teams by Year
bhenderson79
Presidents Quartet II
eogle
Anything But Clue(do)
eogle
Anything But Oceanian Capitals
eogle
Anything But 7
eogle
Anything But Thing
eogle
Word Ladder: February 29
pecheneg
Song Title Questions
pecheneg
Women's NCAA Tournament #1 Seeds
pecheneg
Celebrity Mug Shots
pecheneg
Trending Topics
Harry Potter
NBA
Anime
Crossword
Disney
Marvel
Kpop
Soccer
The Office
Pokémon
Song
NFL
Puzzle
Country
WWE
Your Account Isn't Verified!
In order to create a playlist on Sporcle, you need to verify the email address you used during registration. Go to your
Sporcle Settings
to finish the process.
Report this User
Report this user for behavior that violates our
Community Guidelines
.
Details:
Send Report
Go to the Sporcle.com Mobile Site →
Comments